| 000 | 00443nam a22001697a 4500 | ||
|---|---|---|---|
| 005 | 20260421094307.0 | ||
| 008 | 260421b |||||||| |||| 00| 0 eng d | ||
| 020 | _a9788120353602 | ||
| 050 |
_aQA 303 .K43 2017 _bC.1 |
||
| 100 | _aKhattar, Dinesh | ||
| 245 | _aCalculus | ||
| 260 |
_aNew Delhi _bPHI Learning Private Limited _c2017 |
||
| 300 | _aix, 390p.:ill. | ||
| 650 | _a1. Calculus. | ||
| 700 | _aI. Gupta, Kavita | ||
| 942 |
_2lcc _cBK |
||
| 999 |
_c217032 _d217032 |
||